| 000 | 00901nam a2200217 a 4500 | ||
|---|---|---|---|
| 082 | 0 | 0 |
_a388.049 _bHEG _cD |
| 100 | 1 |
_aHeggie, Ian Graemie. _938446 |
|
| 245 | 1 | 2 |
_aA framework for analyzing financial performance of the transport sector / _cIan G. Heggie and Michael Quick. |
| 260 |
_aWashington, DC : _bTransportation, Infrastructure and Urban Development Dept., World Bank : _bAvailable from World Bank, _c[1990] |
||
| 300 |
_a30, 32 p. : _bill. ; _c28 cm. |
||
| 500 | _a"February 1990." | ||
| 500 | _aCover title. | ||
| 526 |
_a0 _b0 _c0 _d388_049000000000000_HEG |
||
| 650 | 0 |
_aMCE _9379 |
|
| 650 | 0 |
_aTransportation _zDeveloping countries _xAuditing. _938447 |
|
| 650 | 0 |
_aTransportation _zDeveloping countries _xFinance. _938448 |
|
| 650 | 0 |
_aTransportation _zTanzania _xAuditing. _938449 |
|
| 650 | 0 |
_aTransportation _zTanzania _xFinance. _938450 |
|
| 700 | 1 |
_aQuick, Michael, _938451 |
|
| 942 |
_2ddc _cBK |
||
| 999 |
_c543085 _d543085 |
||